The Fate of Ophelia - Taylor Swift (All Lyrics) - Statistics

General Stats
  • This quiz has been taken 1,737 times
  • The average score is 362 of 443
Answer Stats
Lyrics % Correct
the
100%
The
100%
a
99%
(A
99%
I
99%
(I
99%
you
98%
You
98%
me
97%
me,
97%
me)
97%
all
96%
All
96%
all)
96%
of
96%
on
96%
Ophelia
96%
(Ophelia)
96%
to
96%
fate
95%
it
93%
my
93%
see
92%
(See
92%
And
91%
and
91%
in
91%
your
91%
No
90%
alone
89%
be
89%
where
89%
sky
88%
can
87%
one
87%
from
86%
Now
86%
now
86%
sea,
86%
tower
85%
heart
84%
land,
84%
Saved
84%
saved
84%
time,
84%
were
84%
just
83%
that
83%
night,
82%
night
82%
heard
81%
been,
80%
been
80%
calling
80%
for
80%
megaphone
80%
powers
80%
out
79%
team,
79%
hands,
78%
vibes
78%
hundred
77%
hell
76%
Keep
76%
you've
76%
if
75%
myself,
75%
you're
75%
'cause
74%
grave
74%
Don't
73%
never
73%
dreaming
72%
sat
72%
Late
71%
mine
71%
Pledge
71%
daughter
70%
loyalty
70%
care
68%
eldest
68%
It's
68%
wanna
68%
sleepless
66%
allegiance
65%
honing
65%
lived
65%
fantasy
64%
you'd
64%
swore
63%
As
62%
melancholy
62%
nobleman
62%
are
61%
before
61%
has
61%
come
60%
(Come
60%
grave
60%
legend
60%
Right
60%
'bout
59%
came
59%
drowned
59%
key
59%
only
59%
quite
59%
was
59%
pyro
58%
watch
58%
like
56%
lit
56%
match
56%
up
56%
because
55%
dug
55%
memory
55%
inside
54%
might've
54%
her
53%
locked
53%
Locked
53%
possess
53%
light
52%
But
51%
love
51%
blow
50%
chain
50%
(Chain),
50%
around
47%
fire
47%
longer
47%
purgatory
47%
wrap
47%
drowning
45%
scorpions
44%
vine
44%
vine)
44%
crown
43%
crown),
43%
into
43%
lingered
43%
sanity
43%
full
42%
stole
42%
bed
39%
cold
38%
Pulling
37%
venom
37%
deceived
33%
'Tis
24%
No matching quizzes found
Score Distribution
Percent of People with Each Score
Percentile by Number Answered
Your Score History
You have not taken this quiz